| 000 | 01181cam a22001814a 4500 | ||
|---|---|---|---|
| 005 | 20250605164355.0 | ||
| 008 | 250528s ||||||||||||||||||||||||d | ||
| 035 | _a24293 | ||
| 040 |
_aGR-AtMCL _bgre _dGR-AtMCL _eAACR2 |
||
| 245 | 1 | _aΣπουδαί - Spoudai / Βραβείο Ακαδημίας Αθηνών - An Academy of Athens Award | |
| 260 |
_bΕπτάλοφος, _c2004 |
||
| 300 | _a128 | ||
| 520 | _aThe Winners of the Nobel Prize in Economics 2003, The Banking Sector Financial Restructuring: Some Evidence for the Last Decade in the United Kingdom, Applying the Balanced Scorecard Methodology in the Public Sector: The Case of the Department of Defence in the United States, Entrepreneurial Competitiveness in the Knowledge Economy: Factors Defining the Innovativeness of Small and Medium Size Enterprises, Historical Specificity or Universality? The Role of Economic History in Institutional and Neo-Institutional Economics, Quality Assessment of Electronic Business Transactions B2B and B2C: An Empirical Study in Companies of Northern Greece. | ||
| 700 | 1 |
_aΑλογοσκούφης Γιώργος _97351 |
|
| 942 | _cCR | ||
| 999 |
_c9183 _d9183 |
||